| 000 | 00671nam a22002297a 4500 | ||
|---|---|---|---|
| 003 | LK-CoMWRAF | ||
| 005 | 20240113122151.0 | ||
| 008 | 240105b1998 |||||||| |||| 00| 0 eng d | ||
| 020 | _a0070075115 | ||
| 040 |
_aLK-CoMWRAF _dLK-CoMWRAF _eLK-CoMWRAF |
||
| 041 | _aeng | ||
| 082 |
_a370.15 _bABB |
||
| 100 | _a Abbeduto, Leonard | ||
| 245 | _a Guide to human development for future educators | ||
| 260 |
_aBoston : _bMcgraw-Hill, _c1998 |
||
| 300 |
_aviii, 112 p. ; 23 cm _bBibliography and index included |
||
| 650 | _aChild Development | ||
| 650 | _aDevelopmental psychology | ||
| 650 | _aEducational psychology | ||
| 700 | _aElliott, Stephen N. | ||
| 942 | _cBK | ||
| 999 |
_c4586 _d4586 |
||